[Event "Almeria Sola Memorial-B 2nd"]
[Site "Almeria"]
[Date "2015.12.20"]
[Round "7"]
[White "Amat Camacho, Alejandro"]
[Black "Serrano Cattoni, Francisco"]
[Result "1/2-1/2"]
[WhiteElo "1678"]
[BlackElo "1762"]
[PlyCount "71"]
[EventDate "2015.12.18"]
[EventType "swiss"]
[EventRounds "7"]
[EventCountry "ESP"]
[SourceTitle "CBM 170 Extra"]
[Source "ChessBase"]
[SourceDate "2016.02.25"]
[SourceVersion "1"]
[SourceVersionDate "2016.02.25"]
[SourceQuality "1"]

1. e4 c5 2. Nc3 a6 3. b3 g6 4. Bb2 Bg7 5. Nf3 Nc6 6. g3 d6 7. Bg2 e5 8. Nd5 Nf6 9. Nxf6+ Bxf6 10. c4 h5 11. h4 Bg4 12. Bh3 Qd7 13. Bxg4 Qxg4 14. Qe2 Nb4 15. Kd1 0-0 16. a3 Nc6 17. d3 Bg7 18. Nd2 Qe6 19. Kc2 b5 20. Nf1 bxc4 21. dxc4 f5 22. f3 Rab8 23. Rd1 Rf7 24. Nd2 Rfb7 25. Bc3 Bf8 26. g4 fxg4 27. fxg4 Qxg4 28. Qxg4 hxg4 29. Rdg1 Bh6 30. Rxg4 Rg7 31. Nf3 Nd4+ 32. Bxd4 exd4 33. Ne1 Rf8 34. Nd3 Rf3 35. Rhg1 Kh7 36. R1g2 1/2-1/2